00443 2200181 4500001002100000005001500021008004100036020001800077035001900095041000700114082001000121090001600131100002300147245002600170260003400196300001900230650001200249INLIS00000000001298720241224114453241224||||||||| | ||| |||| || |  a979-666-207-8 0010-1224012987 aid0 a398.2 a398.2 DAJ p0 aMarius Ramis Dajoh00aSeri Sastra Nostalgia aJakartabBalai Pustaka.c1998 a142hlm;15x21cm 0afolklor